| 000 | 01654nam a2200397 c 4500 | ||
|---|---|---|---|
| 003 | BLK | ||
| 005 | 20250512160717.0 | ||
| 008 | 180409b bul|||||r ||||||| ||bul|| | ||
| 010 | _aKNG00139504000 | ||
| 020 |
_a978-954-27-1644-0 _bиздат.: Егмонт България |
||
| 040 | _aBLK | ||
| 041 |
_aBUL _cBUL |
||
| 072 | 7 |
_2bullib _aН83 _xЧужда художествена литература Н |
|
| 080 |
_aАмериканска литература (на САЩ) _b821.111(73) _x-31 _z821.111(73)-31 |
||
| 100 | 1 |
_aМайър, Стефани _eпърви автор _9368972 |
|
| 700 | 1 |
_aВиденова, Елка Йорданова _eпрев. _9370686 |
|
| 139 |
_aМайър, Стефани _bМ 18 |
||
| 245 | 1 | 0 |
_aЗдрач _bРоман _cСтефани Майър; прев. Елка Йорданова Виденова. |
| 245 | 1 | 0 |
_aЖивот и смърт _bЗдрач пренаписан _c |
| 250 | _aЮбил. изд. | ||
| 257 | _aUSA | ||
| 260 |
_аСофия _bЕгмонт България _c2016 |
||
| 300 |
_a454, 505 с. _c21 см |
||
| 380 | _aX | ||
| 500 | _aОриг. загл. Ориг. загл. Twilight / Stephenie Meyer. - 2 000 тир. - Второто загл. отпеч. на обратната страна на кн. с отд. загл. с. и паг. | ||
| 653 | _aхорър | ||
| 653 | _aромани | ||
| 653 | _aвампири | ||
| 659 | _aН | ||
| 852 | _aЦб 282487 | ||
| 856 | 4 |
_qpdf _u |
|
| 856 | 4 |
_qpdf _u |
|
| 942 |
_cKNG _n0 _022 |
||
| 944 |
_aCR _c21.09.2016 _lРусанова Ирена _k30542 |
||
| 944 |
_aED _c18.05.2017 _lф / _kПенка_Димитрова |
||
| 999 |
_c133604 _d133604 |
||